[Event "AUT-ch 2018"]
[Site "Vienna"]
[Date "2018.07.27"]
[Round "7"]
[White "Balinov, Ilia"]
[Black "Huber, Martin Christian"]
[Result "1/2-1/2"]
[WhiteElo "2478"]
[BlackElo "2374"]
[Annotator "ChessBase"]
[PlyCount "73"]
[EventDate "2018.07.22"]
[EventType "swiss"]
[EventCountry "AUT"]
[SourceTitle "playchess.com"]
[Source "ChessBase"]
[SourceQuality "1"]
[TimeControl "40/5400+30:1800+30"]

1. c4 {[%emt 0:00:00]} g6 {[%emt 0:00:37]} 2. g3 {[%emt 0:01:17]} Bg7 {[%emt 0:00:34]} 3. Bg2 {[%emt 0:00:04]} e5 {[%emt 0:01:42]} 4. Nc3 {[%emt 0:00:36]} Nc6 {[%emt 0:00:06]} 5. d3 {[%emt 0:03:29]} d6 {[%emt 0:01:53]} 6. Rb1 {[%emt 0:03:39]} a5 {[%emt 0:01:04]} 7. Nf3 {[%emt 0:06:54]} Nf6 {[%emt 0:00:50]} 8. O-O {[%emt 0:00:32]} O-O {[%emt 0:00:25]} 9. Bg5 {[%emt 0:00:20]} h6 {[%emt 0:00:33]} 10. Bxf6 {[%emt 0:00:06]} Bxf6 {[%emt 0:00:05]} 11. a3 {[%emt 0:00:26]} Bg7 {[%emt 0:01:07]} 12. b4 {[%emt 0:00:23]} axb4 {[%emt 0:00:04]} 13. axb4 {[%emt 0:00:04]} Re8 {[%emt 0:00:59]} 14. b5 {[%emt 0:04:55]} Ne7 {[%emt 0:00:14]} 15. Qb3 {[%emt 0:00:37]} Be6 {[%emt 0:02:48]} 16. Nd2 {[%emt 0:15:04]} c6 {[%emt 0:00:45]} 17. Nde4 {[%emt 0:10:00]} f5 {[%emt 0:10:40]} 18. Nd2 {[%emt 0:00:15]} d5 19. cxd5 {[%emt 0:07:21]} Nxd5 {[%emt 0:15:34]} 20. bxc6 {[%emt 0:30:15]} bxc6 {[%emt 0:02:35]} 21. Nxd5 {[%emt 0:06:42]} cxd5 {[%emt 0:02:37]} 22. Rfc1 {[%emt 0:00:18]} Qa5 {[%emt 0:14:26]} 23. Rc6 {[%emt 0:01:42]} Bf7 {[%emt 0:05:13]} 24. Qc2 {[%emt 0:00:27]} e4 {[%emt 0:03:54]} 25. Nf1 {[%emt 0:01:05]} Qa2 {[%emt 0:01:32]} 26. h4 {[%emt 0:01:25]} Qxc2 {[%emt 0:20:02]} 27. Rxc2 {[%emt 0:00:02]} Rec8 {[%emt 0:00:38]} 28. Rxc8+ {[%emt 0:00:57]} Rxc8 {[%emt 0:00:01]} 29. dxe4 {[%emt 0:00:19]} dxe4 {[%emt 0:03:24]} 30. h5 {[%emt 0:02:07]} Bd4 {[%emt 0:04:54]} 31. hxg6 {[%emt 0:00:20]} Bxg6 {[%emt 0:00:02]} 32. e3 {[%emt 0:00:18]} Bf6 {[%emt 0:01:52]} 33. Rb6 {[%emt 0:00:13]} Rf8 {[%emt 0:00:17]} 34. Nd2 {[%emt 0:00:15]} h5 {[%emt 0:01:38]} 35. Bf1 {[%emt 0:00:24]} Kg7 {[%emt 0:00:32]} 36. Bc4 {[%emt 0:02:11]} h4 {[%emt 0:01:08]} 37. gxh4 {[%emt 0:00:29]} 1/2-1/2

[Event "AUT-ch 2018"]
[Site "Vienna"]
[Date "2018.07.27"]
[Round "7"]
[White "Stanec, Nikolaus"]
[Black "Dragnev, Valentin"]
[Result "1-0"]
[WhiteElo "2465"]
[BlackElo "2499"]
[Annotator "ChessBase"]
[PlyCount "139"]
[EventDate "2018.07.22"]
[EventType "swiss"]
[EventCountry "AUT"]
[SourceTitle "playchess.com"]
[Source "ChessBase"]
[SourceQuality "1"]
[TimeControl "40/5400+30:1800+30"]

1. Nf3 {[%emt 0:00:00]} d5 {[%emt 0:00:08]} 2. d4 {[%emt 0:00:18]} Nf6 {[%emt 0:00:09]} 3. c4 {[%emt 0:00:06]} e6 {[%emt 0:00:17]} 4. Nc3 {[%emt 0:00:06]} c5 {[%emt 0:00:32]} 5. e3 {[%emt 0:01:14]} Nc6 {[%emt 0:00:16]} 6. cxd5 {[%emt 0:02:21]} exd5 {[%emt 0:00:32]} 7. Bb5 {[%emt 0:01:03]} cxd4 {[%emt 0:00:34]} 8. exd4 {[%emt 0:02:53]} Bd6 {[%emt 0:01:06]} 9. O-O {[%emt 0:02:07]} O-O {[%emt 0:00:05]} 10. Bg5 {[%emt 0:00:52]} Bg4 {[%emt 0:19:57]} 11. Be2 {[%emt 0:02:57]} Re8 {[%emt 0:09:17]} 12. h3 {[%emt 0:02:07]} Be6 {[%emt 0:00:20]} 13. Bd3 {[%emt 0:07:09]} h6 {[%emt 0:02:44]} 14. Bh4 {[%emt 0:00:23]} a6 {[%emt 0:07:22]} 15. Qd2 {[%emt 0:07:44]} Rc8 {[%emt 0:01:41]} 16. Rad1 {[%emt 0:01:19]} Be7 {[%emt 0:18:16]} 17. Rfe1 {[%emt 0:01:55]} b5 {[%emt 0:05:02]} 18. a3 {[%emt 0:10:02]} Na5 {[%emt 0:05:17]} 19. Bb1 {[%emt 0:02:21]} Nd7 {[%emt 0:02:17]} 20. Bxe7 {[%emt 0:02:19]} Rxe7 {[%emt 0:00:08]} 21. Ne5 {[%emt 0:08:50]} Nf8 {[%emt 0:02:01]} 22. Nd3 {[%emt 0:04:17]} Nc4 {[%emt 0:02:59]} 23. Qc1 {[%emt 0:00:40]} Nd7 {[%emt 0:03:16]} 24. b4 {[%emt 0:04:06]} Re8 {[%emt 0:04:47]} 25. Nc5 {[%emt 0:00:37]} Rc6 {[%emt 0:01:05]} 26. a4 {[%emt 0:03:49]} bxa4 {[%emt 0:00:51]} 27. N3xa4 {[%emt 0:00:11]} Nf6 {[%emt 0:01:05]} 28. Bd3 {[%emt 0:02:00]} Qd6 {[%emt 0:02:53]} 29. Bxc4 {[%emt 0:09:46]} dxc4 {[%emt 0:00:02]} 30. d5 {[%emt 0:00:05]} Nxd5 {[%emt 0:02:54]} 31. Nc3 {[%emt 0:00:10]} Rcc8 {[%emt 0:05:46]} 32. Qd2 {[%emt 0:01:51]} Red8 {[%emt 0:00:34]} 33. Nb7 {[%emt 0:01:02]} Qxb4 {[%emt 0:00:05]} 34. Nxd8 {[%emt 0:00:11]} Rxd8 {[%emt 0:00:21]} 35. Nxd5 {[%emt 0:01:28]} Qxd2 {[%emt 0:00:09]} 36. Rxd2 {[%emt 0:00:07]} Rxd5 {[%emt 0:00:30]} 37. Rxd5 {[%emt 0:00:07]} Bxd5 {[%emt 0:00:01]} 38. Re8+ {[%emt 0:01:32]} Kh7 {[%emt 0:00:01]} 39. Re5 {[%emt 0:00:19]} Be6 {[%emt 0:03:07]} 40. Ra5 {[%emt 0:00:35]} g5 {[%emt 0:30:57]} 41. Rxa6 {[%emt 0:30:46]} h5 {[%emt 0:00:00]} 42. f3 {[%emt 0:00:00]} h4 {[%emt 0:00:00]} 43. Kf2 {[%emt 0:00:00]} Kg6 {[%emt 0:00:00]} 44. Ke3 {[%emt 0:00:00]} Kf6 {[%emt 0:00:00]} 45. Ke4 {[%emt 0:00:00]} Kg6 {[%emt 0:00:00]} 46. Ke5 {[%emt 0:00:00]} Kg7 {[%emt 0:00:00]} 47. Rc6 {[%emt 0:00:00]} Kg6 {[%emt 0:00:00]} 48. Rd6 {[%emt 0:00:00]} Kg7 {[%emt 0:00:00]} 49. Rd8 {[%emt 0:00:00]} c3 {[%emt 0:00:00]} 50. Rd3 {[%emt 0:00:00]} c2 {[%emt 0:00:00]} 51. Rc3 {[%emt 0:00:00]} Bb3 {[%emt 0:00:00]} 52. Kf5 {[%emt 0:00:00]} f6 {[%emt 0:00:00]} 53. Rc7+ {[%emt 0:00:49]} Bf7 {[%emt 0:00:06]} 54. f4 {[%emt 0:00:40]} c1=Q {[%emt 0:05:50]} 55. Rxc1 {[%emt 0:00:09]} Bg6+ {[%emt 0:00:01]} 56. Kg4 {[%emt 0:00:44]} Be4 {[%emt 0:00:02]} 57. fxg5 {[%emt 0:01:20]} fxg5 {[%emt 0:00:01]} 58. Kxg5 {[%emt 0:00:16]} Bxg2 {[%emt 0:00:01]} 59. Kxh4 {[%emt 0:00:09]} Be4 {[%emt 0:00:12]} 60. Kg5 {[%emt 0:00:15]} Bd3 {[%emt 0:00:06]} 61. Rc7+ {[%emt 0:00:26]} Kg8 {[%emt 0:00:10]} 62. Kh6 {[%emt 0:01:23]} Be4 {[%emt 0:00:21]} 63. h4 {[%emt 0:01:03]} Bd3 {[%emt 0:00:07]} 64. Rc3 {[%emt 0:00:26]} Bb1 {[%emt 0:01:46]} 65. Rg3+ {[%emt 0:00:07]} Kf7 {[%emt 0:00:11]} 66. Rg7+ {[%emt 0:00:06]} Kf8 {[%emt 0:00:12]} 67. Rg5 {[%emt 0:00:05]} Bc2 {[%emt 0:00:29]} 68. Kh5 {[%emt 0:00:08]} Bd1+ {[%emt 0:00:10]} 69. Kg6 {[%emt 0:00:07]} Ba4 {[%emt 0:00:03]} 70. Kf6 {[%emt 0:00:10]} 1-0

[Event "AUT-ch 2018"]
[Site "Vienna"]
[Date "2018.07.27"]
[Round "7"]
[White "Halvax, Georg"]
[Black "Schwabeneder, Florian"]
[Result "1/2-1/2"]
[WhiteElo "2433"]
[BlackElo "2431"]
[Annotator "NA"]
[PlyCount "60"]
[EventDate "2018.07.22"]
[EventType "swiss"]
[EventCountry "AUT"]
[SourceTitle "playchess.com"]
[Source "ChessBase"]
[SourceQuality "1"]
[TimeControl "40/5400+30:1800+30"]

1. e4 {[%emt 0:00:00]} e6 {[%emt 0:00:40]} 2. d4 {[%emt 0:00:00]} d5 {[%emt 0:00:08]} 3. exd5 {[%emt 0:00:12]} exd5 {[%emt 0:00:09]} 4. Nc3 {[%emt 0:00:16]} Bb4 {[%emt 0:05:12]} 5. Bd3 {[%emt 0:00:29]} Nc6 {[%emt 0:00:21]} 6. Nf3 {[%emt 0:00:13]} Nge7 {[%emt 0:06:10]} 7. O-O {[%emt 0:01:01]} O-O {[%emt 0:10:42]} 8. Ne2 {[%emt 0:04:19]} Bf5 {[%emt 0:05:56]} 9. Ng3 {[%emt 0:01:47]} Bxd3 {[%emt 0:06:16]} 10. Qxd3 {[%emt 0:00:09]} Bd6 {[%emt 0:00:17]} 11. Ng5 {[%emt 0:05:21]} g6 {[%emt 0:13:41]} 12. c3 {[%emt 0:10:29]} Qd7 {[%emt 0:05:57]} 13. Bd2 {[%emt 0:01:44]} f6 {[%emt 0:03:33]} 14. Nh3 {[%emt 0:02:13]} Nd8 {[%emt 0:09:34]} 15. Rae1 {[%emt 0:03:04]} Nf7 {[%emt 0:01:12]} 16. Nf4 {[%emt 0:04:37]} Bxf4 {[%emt 0:01:50]} 17. Bxf4 {[%emt 0:00:06]} Rae8 {[%emt 0:01:02]} 18. Re2 {[%emt 0:01:40]} Nc8 {[%emt 0:04:17]} 19. Rfe1 {[%emt 0:01:51]} c6 {[%emt 0:00:19]} 20. h4 {[%emt 0:15:48]} Ncd6 {[%emt 0:04:38]} 21. h5 {[%emt 0:00:57]} Rxe2 {[%emt 0:01:33]} 22. Rxe2 {[%emt 0:00:46]} Kg7 {[%emt 0:01:56]} 23. hxg6 {[%emt 0:17:54]} hxg6 {[%emt 0:00:08]} 24. Qd2 {[%emt 0:02:12]} Re8 {[%emt 0:02:48]} 25. Qe1 {[%emt 0:00:12]} Rxe2 {[%emt 0:03:22]} 26. Qxe2 {[%emt 0:00:14]} Kf8 {[%emt 0:05:56]} 27. f3 {[%emt 0:03:30]} Nf5 {[%emt 0:00:33]} 28. Qd3 {[%emt 0:00:50]} Nxg3 {[%emt 0:00:29]} 29. Bxg3 {[%emt 0:00:16]} Kg7 {[%emt 0:00:25]} 30. Bf4 {[%emt 0:01:37]} Qe6 {[%emt 0:03:13]} 1/2-1/2

[Event "AUT-ch 2018"]
[Site "Vienna"]
[Date "2018.07.27"]
[Round "7"]
[White "Menezes, Christoph"]
[Black "Khalakhan, Jurij"]
[Result "1-0"]
[WhiteElo "2430"]
[BlackElo "2215"]
[Annotator "TA"]
[PlyCount "85"]
[EventDate "2018.07.22"]
[EventType "swiss"]
[EventCountry "AUT"]
[SourceTitle "playchess.com"]
[Source "ChessBase"]
[SourceQuality "1"]

{[%evp 23,85,-12,0,0,5,-42,10,24,15,0,103,102,110,50,155,153,156,105,168,174,195,136,291,291,492,484,564,475,496,483,543,532,501,464,509,487,467,412,678,649,793,784,773,450,717,653,664,476,466,466,451,8,0,0,485,482,576,575,1122,1080,1107,1100,1083,1063]} 1. c4 Nf6 2. Nf3 g6 3. Nc3 Bg7 4. e4 d6 5. d4 O-O 6. h3 e5 7. d5 a5 8. Be3 Na6 9. Nd2 Nd7 10. g4 {E90: King's Indian: Classical: Early deviations and 6 h3} Ndc5 11. Rg1 Bd7 12. a3 a4 {LiveBook: 6 Games} (12... Kh8 13. g5 f5 14. gxf6 Qxf6 15. Qe2 a4 16. Rg3 h6 17. O-O-O {½-½ (17) Nisipeanu,L (2659)-Nyzhnyk,I (2583) Konya 2011}) 13. Qf3 c6 14. g5 $146 ({Predecessor:} 14. Qg3 Qa5 15. g5 cxd5 16. cxd5 {1-0 (57) Nasybullina,A (2149)-Pogorelskikh,S (1721) Satka 2016}) 14... Nc7 (14... cxd5 $15 15. Nxd5 Nc7) 15. h4 cxd5 16. exd5 Bf5 (16... N7a6 $11 {keeps the balance.}) 17. Bxc5 $1 $16 dxc5 18. Bd3 (18. O-O-O $16) 18... Bxd3 (18... Ne6 $14) 19. Qxd3 Ne6 {[#]} 20. Nde4 (20. O-O-O $142 $1) 20... Nf4 (20... h5 $16 {might work better.}) 21. Qc2 $18 b5 22. Nxb5 (22. cxb5 $18 c4 23. O-O-O) 22... Rb8 $2 (22... Qa5+ $16 23. Nbc3 Qa6) 23. O-O-O ({Inferior is} 23. Nxc5 Qc8 $17) ({Don't play} 23. Qxa4 $6 Qb6 $16) 23... Rxb5 $2 (23... Qd7 24. Nxc5 Qh3) 24. cxb5 Qb6 25. Kb1 Qxb5 26. Qxc5 Qb7 27. Qc6 Qb3 28. Qc2 Qb5 29. Nc3 {[%cal Be4c3,Bc3a4,Ba4c5][%mdl 32]} Qb7 30. Nxa4 Rb8 (30... Rc8 $142) 31. Nc5 Qb5 32. a4 Qa5 33. Ne4 Qa8 (33... Nxd5 $142 34. Qd2 Qb6) 34. Qc6 Qa5 35. Rge1 Qb4 {[%csl Gb8][%cal Rb4b2] [#]} 36. Qc2 Nxd5 37. Qd2 $2 (37. Rd2 $18) 37... Qb3 $11 38. Qc2 Qb7 $2 {[%mdl 8192]} (38... Qb4 $11 {and Black has nothing to worry.} 39. Rd2 Nf4) 39. Nc5 $18 {White is clearly winning.} Qa8 {intending ...e4.} 40. Qc4 Nb4 41. Rd7 Qf3 42. Ne4 {Hoping for Nf6+!} Qf5 43. Red1 {Precision: White = 59%, Black = 22%.} 1-0

[Event "AUT-ch 2018"]
[Site "Vienna"]
[Date "2018.07.27"]
[Round "7"]
[White "Blohberger, Felix"]
[Black "Schreiner, Peter"]
[Result "1/2-1/2"]
[WhiteElo "2420"]
[BlackElo "2467"]
[Annotator "ChessBase"]
[PlyCount "68"]
[EventDate "2018.07.22"]
[EventType "swiss"]
[EventCountry "AUT"]
[SourceTitle "playchess.com"]
[Source "ChessBase"]
[SourceQuality "1"]
[TimeControl "40/5400+30:1800+30"]

1. e4 {[%emt 0:00:00]} e5 {[%emt 0:00:06]} 2. Nf3 {[%emt 0:00:00]} Nc6 {[%emt 0:00:05]} 3. Bb5 {[%emt 0:00:01]} a6 {[%emt 0:00:08]} 4. Ba4 {[%emt 0:00:04]} Nf6 {[%emt 0:00:05]} 5. O-O {[%emt 0:00:08]} Be7 {[%emt 0:00:47]} 6. Bxc6 {[%emt 0:00:28]} dxc6 {[%emt 0:00:24]} 7. d3 {[%emt 0:00:05]} Nd7 {[%emt 0:04:21]} 8. Be3 {[%emt 0:02:11]} c5 {[%emt 0:05:05]} 9. Nc3 {[%emt 0:00:58]} O-O {[%emt 0:02:04]} 10. a4 {[%emt 0:02:56]} a5 {[%emt 0:04:37]} 11. Nd2 {[%emt 0:01:11]} Nb8 {[%emt 0:10:01]} 12. f4 {[%emt 0:10:45]} exf4 {[%emt 0:00:32]} 13. Bxf4 {[%emt 0:00:11]} Be6 {[%emt 0:05:33]} 14. Qe1 {[%emt 0:06:02]} Nc6 {[%emt 0:02:53]} 15. Nf3 {[%emt 0:03:01]} c4 {[%emt 0:08:11]} 16. Rd1 {[%emt 0:12:33]} cxd3 {[%emt 0:08:20]} 17. Qg3 {[%emt 0:04:48]} Nb4 {[%emt 0:08:05]} 18. cxd3 {[%emt 0:07:38]} f6 {[%emt 0:06:43]} 19. d4 {[%emt 0:19:42]} Bd6 {[%emt 0:03:23]} 20. d5 {[%emt 0:00:30]} Bxf4 {[%emt 0:03:48]} 21. Qxf4 {[%emt 0:00:21]} Bd7 {[%emt 0:00:21]} 22. Nd4 {[%emt 0:01:45]} Re8 {[%emt 0:02:00]} 23. Kh1 {[%emt 0:04:18]} Rc8 {[%emt 0:05:16]} 24. Qg3 {[%emt 0:03:19]} Qe7 {[%emt 0:01:40]} 25. Nf5 {[%emt 0:01:30]} Bxf5 {[%emt 0:00:34]} 26. Rxf5 {[%emt 0:00:06]} Qd6 {[%emt 0:01:39]} 27. Qg4 {[%emt 0:04:51]} Qd7 {[%emt 0:05:00]} 28. Qf3 {[%emt 0:05:32]} b6 {[%emt 0:06:55]} 29. h4 {[%emt 0:01:15]} Na6 {[%emt 0:01:02]} 30. h5 {[%emt 0:01:14]} h6 {[%emt 0:00:19]} 31. Rf1 {[%emt 0:05:10]} Nc5 {[%emt 0:00:39]} 32. Qg4 {[%emt 0:01:04]} Re5 {[%emt 0:01:54]} 33. Qg6 {[%emt 0:00:39]} Rxf5 {[%emt 0:01:52]} 34. Rxf5 {[%emt 0:00:06]} Qf7 1/2-1/2

[Event "AUT-ch 2018"]
[Site "Vienna"]
[Date "2018.07.27"]
[Round "7"]
[White "Morgunov, Marc"]
[Black "Schroll, Gerhard"]
[Result "1-0"]
[WhiteElo "2362"]
[BlackElo "2295"]
[Annotator "NA"]
[PlyCount "72"]
[EventDate "2018.07.22"]
[EventType "swiss"]
[EventCountry "AUT"]
[SourceTitle "playchess.com"]
[Source "ChessBase"]
[SourceQuality "1"]
[TimeControl "40/5400+30:1800+30"]

1. e4 {[%emt 0:00:00]} e5 {[%emt 0:00:03]} 2. Nf3 {[%emt 0:00:00]} Nf6 {[%emt 0:00:08]} 3. Nxe5 {[%emt 0:02:05]} d6 {[%emt 0:00:06]} 4. Nf3 {[%emt 0:00:19]} Nxe4 {[%emt 0:00:06]} 5. d4 {[%emt 0:03:03]} d5 {[%emt 0:01:13]} 6. Bd3 {[%emt 0:01:20]} Be7 {[%emt 0:00:12]} 7. O-O {[%emt 0:00:25]} Nc6 {[%emt 0:00:59]} 8. Re1 {[%emt 0:01:42]} Bg4 {[%emt 0:00:54]} 9. c4 {[%emt 0:07:26]} Nf6 {[%emt 0:01:59]} 10. cxd5 {[%emt 0:03:54]} Qxd5 {[%emt 0:03:46]} 11. Nc3 {[%emt 0:02:41]} Bxf3 {[%emt 0:02:12]} 12. Nxd5 {[%emt 0:02:27]} Bxd1 {[%emt 0:01:03]} 13. Nxf6+ {[%emt 0:00:07]} gxf6 {[%emt 0:00:39]} 14. d5 {[%emt 0:00:08]} Ne5 {[%emt 0:12:17]} 15. Rxd1 {[%emt 0:01:13]} Nxd3 {[%emt 0:00:12]} 16. Rxd3 {[%emt 0:00:05]} O-O-O {[%emt 0:01:08]} 17. Bd2 {[%emt 0:03:30]} Bd6 {[%emt 0:03:08]} 18. Rd1 {[%emt 0:01:26]} Rd7 {[%emt 0:04:49]} 19. Re1 {[%emt 0:05:23]} Rhd8 {[%emt 0:03:58]} 20. Rh3 {[%emt 0:05:32]} Be5 {[%emt 0:03:55]} 21. Bc3 {[%emt 0:00:10]} Rxd5 {[%emt 0:03:12]} 22. Rxh7 {[%emt 0:00:39]} Bxc3 {[%emt 0:00:44]} 23. bxc3 {[%emt 0:00:08]} Re5 {[%emt 0:00:10]} 24. Kf1 {[%emt 0:01:34]} Rf8 {[%emt 0:17:51]} 25. Rxe5 {[%emt 0:05:40]} fxe5 {[%emt 0:00:02]} 26. h4 {[%emt 0:00:09]} Kd7 {[%emt 0:00:18]} 27. Ke2 {[%emt 0:01:35]} Ke6 {[%emt 0:01:34]} 28. g4 {[%emt 0:01:40]} b5 {[%emt 0:03:20]} 29. Rh6+ {[%emt 0:04:49]} Kd5 {[%emt 0:00:20]} 30. Rf6 {[%emt 0:01:30]} c5 {[%emt 0:00:38]} 31. h5 {[%emt 0:03:22]} a5 {[%emt 0:00:55]} 32. h6 {[%emt 0:01:45]} Rh8 {[%emt 0:00:30]} 33. g5 {[%emt 0:01:29]} Rh7 {[%emt 0:00:06]} 34. Rxf7 {[%emt 0:00:11]} Rxf7 {[%emt 0:00:41]} 35. g6 {[%emt 0:00:09]} Ke6 {[%emt 0:00:06]} 36. h7 {[%emt 0:00:24]} Rxf2+ {[%emt 0:00:14]} 1-0

[Event "AUT-ch 2018"]
[Site "Vienna"]
[Date "2018.07.27"]
[Round "7"]
[White "Knoll, Hermann"]
[Black "Kummer, Helmut"]
[Result "0-1"]
[WhiteElo "2338"]
[BlackElo "2290"]
[Annotator "NA"]
[PlyCount "98"]
[EventDate "2018.07.22"]
[EventType "swiss"]
[EventCountry "AUT"]
[SourceTitle "playchess.com"]
[Source "ChessBase"]
[SourceQuality "1"]
[TimeControl "40/5400+30:1800+30"]

1. e4 {[%emt 0:00:00]} c5 {[%emt 0:00:00]} 2. Nf3 {[%emt 0:00:40]} e6 {[%emt 0:00:00]} 3. g3 {[%emt 0:02:18]} Nc6 {[%emt 0:01:32]} 4. Bg2 {[%emt 0:01:55]} Nf6 {[%emt 0:06:12]} 5. Qe2 {[%emt 0:02:40]} d5 {[%emt 0:07:35]} 6. e5 {[%emt 0:03:47]} Nd7 {[%emt 0:00:04]} 7. O-O {[%emt 0:00:52]} Qc7 {[%emt 0:00:22]} 8. Re1 {[%emt 0:00:06]} b5 {[%emt 0:01:07]} 9. d3 {[%emt 0:00:55]} Be7 {[%emt 0:01:14]} 10. Bf4 {[%emt 0:00:24]} a5 {[%emt 0:03:42]} 11. Nc3 {[%emt 0:00:20]} Qb6 {[%emt 0:03:14]} 12. a4 {[%emt 0:03:07]} b4 {[%emt 0:11:31]} 13. Nb5 {[%emt 0:00:22]} h6 {[%emt 0:05:53]} 14. h4 {[%emt 0:00:24]} Ba6 {[%emt 0:00:54]} 15. c4 {[%emt 0:00:12]} bxc3 {[%emt 0:00:55]} 16. bxc3 {[%emt 0:01:16]} Bxb5 {[%emt 0:04:33]} 17. axb5 {[%emt 0:01:39]} Qxb5 {[%emt 0:00:03]} 18. h5 {[%emt 0:02:34]} Qa6 {[%emt 0:02:51]} 19. Nd2 {[%emt 0:00:47]} Ra7 {[%emt 0:07:09]} 20. c4 {[%emt 0:06:26]} Nb4 {[%emt 0:01:19]} 21. cxd5 {[%emt 0:04:47]} exd5 {[%emt 0:02:48]} 22. Qg4 {[%emt 0:03:38]} g5 {[%emt 0:00:44]} 23. e6 {[%emt 0:04:20]} Nf6 {[%emt 0:00:42]} 24. exf7+ {[%emt 0:00:29]} Kxf7 {[%emt 0:02:50]} 25. Qf5 {[%emt 0:00:13]} gxf4 {[%emt 0:05:05]} 26. Nf3 {[%emt 0:00:08]} Rg8 {[%emt 0:03:05]} 27. Ne5+ {[%emt 0:01:44]} Ke8 {[%emt 0:00:43]} 28. Qxf4 {[%emt 0:01:05]} Rg5 {[%emt 0:03:18]} 29. Nf3 {[%emt 0:04:23]} Nxd3 {[%emt 0:03:05]} 30. Qb8+ {[%emt 0:00:54]} Kf7 {[%emt 0:00:10]} 31. Nxg5+ {[%emt 0:01:00]} hxg5 {[%emt 0:00:04]} 32. Re3 {[%emt 0:02:01]} c4 {[%emt 0:02:50]} 33. Rb1 {[%emt 0:01:16]} Ra8 {[%emt 0:10:43]} 34. Qc7 {[%emt 0:02:15]} Qd6 {[%emt 0:00:04]} 35. Qb7 {[%emt 0:00:05]} Rd8 {[%emt 0:04:31]} 36. Rb6 {[%emt 0:01:29]} Qd7 {[%emt 0:00:35]} 37. Qa6 {[%emt 0:01:01]} Nc5 {[%emt 0:00:54]} 38. Qxa5 {[%emt 0:01:10]} Nce4 {[%emt 0:02:24]} 39. Bxe4 {[%emt 0:00:59]} Nxe4 {[%emt 0:02:05]} 40. Rf3+ {[%emt 0:00:46]} Bf6 {[%emt 0:31:46]} 41. Qa6 {[%emt 0:36:20]} Qe7 {[%emt 0:00:06]} 42. h6 {[%emt 0:00:14]} c3 {[%emt 0:00:00]} 43. Rc6 {[%emt 0:00:00]} Rd6 {[%emt 0:00:00]} 44. h7 {[%emt 0:00:00]} Rxc6 {[%emt 0:00:00]} 45. Qxc6 {[%emt 0:00:00]} Kg7 {[%emt 0:00:00]} 46. Qxd5 {[%emt 0:00:00]} Kxh7 {[%emt 0:00:00]} 47. Re3 {[%emt 0:00:00]} c2 {[%emt 0:00:00]} 48. Re1 {[%emt 0:00:00]} Bb2 {[%emt 0:00:00]} 49. f3 {[%emt 0:00:00]} Qc5+ {[%emt 0:00:00]} 0-1

[Event "AUT-ch 2018"]
[Site "Vienna"]
[Date "2018.07.27"]
[Round "7"]
[White "Sandhoefner, Florian"]
[Black "Sadilek, Maximilian"]
[Result "1-0"]
[WhiteElo "2327"]
[BlackElo "2224"]
[Annotator "NA"]
[PlyCount "79"]
[EventDate "2018.07.22"]
[EventType "swiss"]
[EventCountry "AUT"]
[SourceTitle "playchess.com"]
[Source "ChessBase"]
[SourceQuality "1"]
[TimeControl "40/5400+30:1800+30"]

1. d4 {[%emt 0:00:00]} e6 {[%emt 0:00:39]} 2. c4 {[%emt 0:00:00]} Bb4+ {[%emt 0:04:12]} 3. Bd2 {[%emt 0:00:46]} Bxd2+ {[%emt 0:00:05]} 4. Qxd2 {[%emt 0:00:02]} Nf6 {[%emt 0:00:08]} 5. Nc3 {[%emt 0:00:32]} d5 {[%emt 0:00:16]} 6. e3 {[%emt 0:00:52]} O-O {[%emt 0:00:10]} 7. Nf3 {[%emt 0:00:36]} Nbd7 {[%emt 0:04:23]} 8. Rc1 {[%emt 0:02:49]} c6 {[%emt 0:11:42]} 9. Bd3 {[%emt 0:01:47]} Qe7 {[%emt 0:00:20]} 10. cxd5 {[%emt 0:05:36]} exd5 {[%emt 0:00:18]} 11. Qc2 {[%emt 0:00:58]} Re8 {[%emt 0:03:07]} 12. O-O {[%emt 0:05:41]} Ne4 {[%emt 0:14:48]} 13. b4 {[%emt 0:04:44]} a6 {[%emt 0:19:30]} 14. a4 {[%emt 0:05:49]} Ndf6 {[%emt 0:12:48]} 15. b5 {[%emt 0:05:49]} cxb5 {[%emt 0:06:15]} 16. axb5 {[%emt 0:00:33]} Bd7 {[%emt 0:00:18]} 17. bxa6 {[%emt 0:03:59]} bxa6 {[%emt 0:00:29]} 18. Qa2 {[%emt 0:05:01]} Bb5 {[%emt 0:01:57]} 19. Ne5 {[%emt 0:07:19]} Bxd3 {[%emt 0:14:17]} 20. Nxd3 {[%emt 0:00:43]} Qd6 {[%emt 0:00:54]} 21. Nxe4 {[%emt 0:02:57]} Nxe4 {[%emt 0:02:51]} 22. Nc5 {[%emt 0:01:05]} Rac8 {[%emt 0:01:13]} 23. Qxa6 {[%emt 0:12:36]} Rc6 {[%emt 0:00:22]} 24. Nxe4 {[%emt 0:00:49]} Rxa6 {[%emt 0:00:08]} 25. Nxd6 {[%emt 0:00:02]} Rxd6 {[%emt 0:00:05]} 26. Rc5 {[%emt 0:00:25]} f5 {[%emt 0:00:51]} 27. Rc7 {[%emt 0:04:13]} Red8 {[%emt 0:01:14]} 28. Rb1 {[%emt 0:01:07]} R8d7 {[%emt 0:00:14]} 29. Rbb7 {[%emt 0:02:32]} Rxc7 {[%emt 0:00:09]} 30. Rxc7 {[%emt 0:00:04]} h5 {[%emt 0:00:40]} 31. g3 {[%emt 0:00:40]} Kh7 {[%emt 0:00:10]} 32. Kg2 {[%emt 0:00:20]} Kg6 {[%emt 0:00:45]} 33. Kf3 {[%emt 0:00:16]} Kf6 {[%emt 0:00:49]} 34. h4 {[%emt 0:00:12]} g5 {[%emt 0:00:41]} 35. hxg5+ {[%emt 0:00:09]} Kxg5 {[%emt 0:00:03]} 36. Rc8 {[%emt 0:00:24]} Kf6 {[%emt 0:01:01]} 37. Kf4 {[%emt 0:00:55]} Re6 {[%emt 0:00:28]} 38. Rd8 {[%emt 0:01:47]} Re4+ {[%emt 0:00:36]} 39. Kf3 {[%emt 0:00:04]} Ke6 {[%emt 0:00:33]} 40. Rh8 {[%emt 0:00:13]} 1-0